000 00424cam a2200169ua 4500
020 _c1.65
041 _amal
_h
082 _a894.812301
_bANA/AY
100 _aAnanthamoorthy, U.R .
245 _aAyalpookkal /
_cU.R.Ananthamoorthy.
_hTextual Documents
260 _aGuruvayur :
_bGuruvayoorappan Publicatios ,
_c1963.
300 _a152 ; .
365 _a1.65
504 _a
942 _cBK
999 _c12010
_d12010